Online Catalogue and eLibrary

Wild Grass (Record no. 3105)

MARC details
000 -LEADER
fixed length control field 00350nam a2200157Ia 4500
005 - DATE AND TIME OF LATEST TRANSACTION
control field 20240829024220.0
008 - FIXED-LENGTH DATA ELEMENTS--GENERAL INFORMATION
fixed length control field 240331s9999 xx 000 0 und d
082 ## - DDC Classification
Item Number - Author Mark HSU
Class No. 800
100 ## - MAIN ENTRY--PERSONAL NAME
Personal name Hsun, L
245 #0 - TITLE STATEMENT
Title Wild Grass
260 ## - PUBLICATION, DISTRIBUTION, ETC.
Place of publication, distribution, etc. Peking
Name of publisher, distributor, etc. Foreign ;language Press
Date of publication, distribution, etc. 1974
300 ## - PHYSICAL DESCRIPTION
Extent (e.g. Volumes, Pages etc.) 68 p .,
650 ## - SUBJECT ADDED ENTRY--TOPICAL TERM
Topical term or geographic name entry element Poems
650 ## - SUBJECT ADDED ENTRY--TOPICAL TERM
Topical term or geographic name entry element Love
942 ## - Koha item type (Biblio)
Koha item type Books in Stacks (Lending)
Holdings
Lost status Damaged status Collection code Home library Current library Shelving location Date acquired Full call number Accession Number Item type
    Lending WERC Library WERC Library Social Science Cupboard 03/31/2024 800 HSU 1714 Books in Stacks (Lending)

© WERC Library